[Event "New Zealand Open Championship 2017"]
[Site "Wellington NZL"]
[Date "2017.01.01"]
[Round "1.1"]
[White "Watharow, Sean"]
[Black "Ker, Anthony F"]
[Result "0-1"]
[WhiteElo "1949"]
[BlackElo "2461"]
[PlyCount "48"]
[EventDate "2017.??.??"]

1. e4 d6 2. d4 Nf6 3. Nc3 g6 4. Be3 c6 5. a4 Bg7 6. Qd2 Ng4 7. Bg5 h6 8. Bh4
Qb6 9. h3 Nf6 10. Nf3 Nbd7 11. Bc4 c5 12. a5 Qc7 13. Nb5 Qb8 14. e5 dxe5 15.
dxe5 Nxe5 16. O-O-O {Diagram #} (16. Bg3 Ne4 17. Nxe5 Nxd2 18. Bxf7+ Kf8 19.
Nxg6+ Kxf7 20. Nxh8+ Bxh8 21. Bxb8) 16... O-O 17. Nxe5 Qxe5 18. Bg3 Qe4 19. Bd3
Qa4 20. Na3 Bd7 21. Rhe1 b5 22. axb6 axb6 23. Qe2 Nd5 24. Bxg6 Bxb2+ 0-1

[Event "New Zealand Open Championship 2017"]
[Site "Wellington NZL"]
[Date "2017.01.02"]
[Round "2.2"]
[White "Rains, Edward"]
[Black "Dive, Russell J"]
[Result "1-0"]
[WhiteElo "2123"]
[BlackElo "2440"]
[PlyCount "79"]
[EventDate "2017.??.??"]

1. e4 c6 2. d4 d5 3. exd5 cxd5 4. Bd3 g6 5. Nf3 Bg7 6. O-O Nc6 7. c3 Nh6 8. Re1
O-O 9. Nbd2 Qc7 10. Nf1 Rd8 11. Ng3 Bd7 12. Bd2 Ng4 13. h3 Nf6 14. Qc1 Be8 15.
Bf4 Qb6 16. Rb1 Rdc8 17. Qe3 Qa5 18. a3 b5 19. Ne5 e6 20. Bh6 Bh8 21. Qg5 Qb6
22. h4 Rab8 23. h5 Nxe5 24. dxe5 Nd7 25. hxg6 hxg6 26. Nh5 d4 27. Nf4 Nf8 28.
Qe7 Nh7 29. cxd4 Qxd4 30. Rbd1 Qc5 {Diagram #} 31. Nxg6 $3 fxg6 32. Qxe6+ Bf7
33. Qg4 Bg7 {By now Edward was falling into time trouble as well and Russell
thought he was regaining control of the game but now came a powerful
concluding sequence} 34. Rc1 $1 Qf8 35. e6 Bxh6 36. exf7+ Kh8 37. Qxg6 {
Diagram #} Qg7 38. Re8+ Rxe8 39. fxe8=Q+ Rxe8 40. Qxe8+ 1-0

[Event "New Zealand Open Championship 2017"]
[Site "Wellington NZL"]
[Date "2017.01.02"]
[Round "2.7"]
[White "Yee, Stanley"]
[Black "Green, Ewen M"]
[Result "0-1"]
[WhiteElo "2049"]
[BlackElo "2255"]
[PlyCount "90"]
[EventDate "2017.??.??"]

1. e4 g6 2. d4 Bg7 3. Nc3 d6 4. Be3 a6 5. Qd2 b5 6. a3 Nd7 7. Bd3 Ngf6 8. Bh6
Bxh6 9. Qxh6 c5 10. Nf3 Qb6 11. dxc5 Qxc5 12. O-O Bb7 13. Rfe1 Qxf2+ 14. Kh1
Qc5 15. Re2 Qh5 16. Qf4 O-O 17. Rf1 Rac8 18. h3 Rc5 19. Qh2 {Diagram # Black
has previously banked a free pawn with a nice little trick, and now sacrifices
and exchange to create Queenside targets} Rxc3 20. bxc3 Qc5 21. Qg1 Qxc3 22.
Ra1 Nh5 23. Kh2 Ne5 24. Rf1 Nxf3+ {
This exchange increase Black's dark square domination} 25. Rxf3 Qe5+ 26. g3 Bc8
27. Qg2 Be6 28. Ref2 Rc8 29. Kg1 Rc3 30. g4 Nf6 31. Re2 Rxa3 32. Rf1 h5 33. g5
Nd7 34. Ree1 Nc5 35. Rf3 a5 36. Rg3 b4 37. h4 a4 38. Rge3 Ra1 39. Rxa1 Qxa1+
40. Kh2 Qe5+ 41. Kg1 Qd4 42. Qf2 a3 43. Rg3 Qxf2+ 44. Kxf2 a2 45. Rg1 {
Diagram #} Nxd3+ {The Bishop has been a miserable piece forever, it's finally
put out of its misery only because the reward is a whole extra Queen} 0-1

[Event "New Zealand Open Championship 2017"]
[Site "Wellington NZL"]
[Date "2017.01.02"]
[Round "2.28"]
[White "Pakenham, John"]
[Black "Molina Barrera, Gustavo"]
[Result "0-1"]
[WhiteElo "1724"]
[BlackElo "2038"]
[PlyCount "108"]
[EventDate "2017.??.??"]

1. d4 Nf6 2. c4 g6 3. Nc3 Bg7 4. Nf3 O-O 5. g3 d6 6. Bg2 Nc6 7. O-O e5 8. d5
Ne7 9. e4 Nd7 10. Ne1 a5 11. f4 f5 12. Qc2 exf4 13. Bxf4 Ne5 14. b3 fxe4 15.
Bxe4 Bh3 16. Bg2 Bxg2 17. Nxg2 Nf5 18. Rad1 Ng4 19. Ne2 Re8 20. Qd2 Bf6 21. h3
Ne5 22. g4 Nh4 23. Nd4 Nxg2 24. Kxg2 c5 25. Ne6 Qd7 26. Bh6 Bh8 27. a4 Nf7 28.
Be3 Nd8 29. Ng5 h6 30. Nf3 g5 31. Qd3 Bg7 32. Bxg5 hxg5 33. Nxg5 Nf7 34. Rxf7
Qxf7 35. Nxf7 Kxf7 36. Rf1+ Kg8 37. Qf5 Re5 38. Qg6 Re7 39. Qxd6 Rae8 40. Qxc5
Re3 41. d6 Rd3 42. Qf5 Ree3 43. Qf7+ Kh8 44. Rf3 Rxf3 45. Qxf3 Rxf3 46. Kxf3
Kg8 47. Ke4 Kf7 48. Kd5 Bf6 49. Kc5 Ke6 50. Kb6 Kxd6 {White already has three
pawns for the Bishop and now captures a fourth. There are two juicy looking
options but one of them is poisoned} 51. Kxa5 $4 {Oh no} ({After} 51. Kxb7 {
Black will be gradually overwhelmed, for example} Kc5 52. Kc7 Kb4 53. Kd7 Bh4
54. Ke6 Bd8 55. Kf5 Kxb3 56. g5 Bxg5 57. Kxg5 Kxa4 58. h4 {
and White's new Queen controls a1 just in time}) 51... Kc5 {Diagram # A
remarkable position, White is a victim of his own success, his extra material
seals him in a grave} 52. b4+ Kc6 53. b5+ Kc5 54. b6 Bc3# 0-1

[Event "New Zealand Open Championship 2017"]
[Site "Wellington NZL"]
[Date "2017.01.02"]
[Round "2.1"]
[White "Ker, Anthony F"]
[Black "James, Jack"]
[Result "1-0"]
[WhiteElo "2461"]
[BlackElo "2125"]
[PlyCount "123"]
[EventDate "2017.??.??"]

1. e4 e5 2. Nf3 Nf6 3. Nxe5 d6 4. Nf3 Nxe4 5. Nc3 Nxc3 6. dxc3 Be7 7. Bf4 O-O
8. Qd2 Nc6 9. O-O-O Be6 10. Kb1 Bf6 11. h4 Bg4 12. Be2 Re8 13. Rde1 Qd7 {(=)}
14. Ng5 Bxe2 15. Rxe2 Qf5 16. Rhe1 Rxe2 17. Rxe2 h6 18. Nf3 Kf8 19. Qe3 Qd7 20.
Kc1 Re8 21. Qxe8+ Qxe8 22. Rxe8+ Kxe8 23. h5 Kd7 24. Kd2 Ke6 25. g4 Ne5 26.
Bxe5 Bxe5 27. Nh4 Bf6 28. Ng2 Ke5 29. Ke3 d5 {(=)} 30. f4+ Kd6 31. Kd3 c5 32.
b3 b5 33. c4 dxc4+ 34. bxc4 b4 35. Ne3 g6 36. Ke4 a5 37. hxg6 fxg6 38. f5 g5
39. Nd5 Bd4 40. Nb6 Kc7 41. Nd5+ Kd6 42. f6 Ke6 43. Ne7 Bxf6 44. Nf5 Bh8 45.
Nxh6 Bg7 46. Nf5 Bf6 47. Ng3 a4 48. Ne2 Bb2 49. Ng1 Bd4 50. Nf3 Bf6 51. Ne1 {
Diagram #} Bd4 $2 (51... Be7 $1 $10) 52. Nd3 $1 {Threatening Nxb4. The problem
for Black now is that on this track the Bishop cannot defend both c5 and g5.
The conservative and quiet retreat beats the more optically impressive advance}
Bg1 53. Nb2 a3 $2 (53... b3 $1 {Gives White nothing more than an anaemic extra
pawn. White would no doubt continue probing, but more mistakes will be
required for him to win from there.}) 54. Nd3 {
Now Black is in Zugzwang and has to yield} Kd6 55. Ne5 Ke6 56. Nf3 Bf2 57.
Nxg5+ Kf6 58. Nh3 Bd4 59. g5+ Kg7 60. Nf4 Kh8 61. Ne6 Bf2 62. Kd5 1-0

[Event "New Zealand Open Championship 2017"]
[Site "Wellington NZL"]
[Date "2017.01.02"]
[Round "2.8"]
[White "Gong, Daniel Hanwen"]
[Black "Kulkarni, Yogesh"]
[Result "1-0"]
[WhiteElo "2255"]
[BlackElo "2029"]
[PlyCount "47"]
[EventDate "2017.??.??"]

1. e4 c6 2. d4 d5 3. e5 Bf5 4. Nc3 e6 5. g4 Be4 $2 {This is an unfortunate
novelty and for the rest of the game White has a lot of fun} 6. Nxe4 dxe4 7.
Bg2 f6 8. exf6 Nxf6 9. g5 Nd5 10. Bxe4 g6 11. c4 Bb4+ 12. Bd2 Bxd2+ 13. Qxd2
Ne7 14. Nf3 Nd7 15. O-O-O O-O 16. h4 Nb6 17. Ne5 Nf5 18. h5 Nxd4 19. hxg6 hxg6
20. Qxd4 Qxg5+ 21. Kb1 c5 22. Qxc5 Nxc4 {Diagram #} 23. Rh8+ Kg7 24. Qc7+ 1-0

[Event "New Zealand Open Championship 2017"]
[Site "Wellington NZL"]
[Date "2017.01.03"]
[Round "3.1"]
[White "Gong, Daniel Hanwen"]
[Black "Ker, Anthony F"]
[Result "0-1"]
[WhiteElo "2255"]
[BlackElo "2461"]
[PlyCount "110"]
[EventDate "2017.??.??"]

1. e4 d6 2. d4 Nf6 3. Nc3 g6 4. f4 Bg7 5. Nf3 c5 6. Bb5+ Bd7 7. e5 Ng4 8. e6
Bxb5 9. exf7+ Kd7 10. Nxb5 Qa5+ 11. Nc3 cxd4 12. Nxd4 Bxd4 13. Qxd4 Nc6 14. Qc4
Qb6 15. Qe2 h5 16. h3 Nh6 17. Bd2 Nf5 18. O-O-O {Diagram # Anthony has been
offered this exchange sac many times before. I see from the Wellington Club
database I've done it three times myself, managing one draw due to a
repetition since Anthony could see something for White that wasn't apparent to
me! I remember Anthony telling me in one of the post-mortems that he first
started accepting this sac in the 1980s! With a few hours of preparation it is
possible to convince yourself you can get a White position that the computer
will love from here. The problem is that the computer will only love it
because there is a precise tactical path to follow. The positions are not easy
to play and you cannot slowly build up, Anthony will consolidate and beat you
back if you so much as allow him to draw breath. Which is exactly what happens
here..} Ng3 19. Qd3 Nxh1 20. Qxg6 Raf8 21. Rxh1 Nd8 22. Qf5+ e6 23. Qf6 Qa5 24.
Re1 Qf5 25. Qd4 Nc6 26. Qa4 {
Once Black can grab the f7 pawn without punishment, his problems are over} Rxf7
27. Ne4 Kc7 28. Qb3 Re7 29. Kb1 Rg8 30. g3 Rge8 31. Bb4 Rd8 32. Ba3 h4 33. Ng5
hxg3 34. Qxg3 e5 35. Qg4 {Diagram #} Qxg4 $1 {
This is not just an obvious liquidation, there is a nice concealed trick...}
36. hxg4 exf4 37. Rxe7+ Nxe7 {
...is White getting his exchange back with this fork?...} 38. Ne6+ Kd7 39. Nxf4
({...no} 39. Nxd8 $4 f3 {and the pawn strolls home untouched}) 39... Rf8 {
Nominally Black's material advantage of Rook for Bishop and Pawn might seem
small, but the Rook can now run rampant in the wide open spaces. In this
particular position in fact White has terminal back rank issues.} 40. Nd3 Rf1+
41. Nc1 Nd5 42. c3 b5 43. Bb4 Nxb4 44. cxb4 Ke6 45. Kc2 Rf4 46. a3 Rxg4 47. Nb3
Kd5 48. Na5 Rg2+ 49. Kc3 Ke4 50. Nb7 Ke5 51. Nd8 Kd5 52. Nb7 Rg7 53. Na5 Ke4
54. Nb3 Rg3+ 55. Kc2 Rxb3 0-1

[Event "New Zealand Open Championship 2017"]
[Site "Wellington NZL"]
[Date "2017.01.03"]
[Round "3.2"]
[White "Croad, Nicholas"]
[Black "Reilly, Tim"]
[Result "0-1"]
[WhiteElo "2398"]
[BlackElo "2166"]
[PlyCount "48"]
[EventDate "2017.??.??"]

1. d4 d6 2. c4 f5 3. Nc3 Nf6 4. Bg5 Nbd7 5. Qc2 g6 6. h4 h6 7. Bxf6 Nxf6 8. Nh3
e5 9. O-O-O Qe7 10. g3 Bg7 11. dxe5 dxe5 12. e4 O-O 13. Bd3 fxe4 14. Nxe4 Bg4
15. Rde1 Bf3 16. Nxf6+ Qxf6 17. Bxg6 Bxh1 18. Rxh1 Rad8 19. Bh7+ Kh8 20. Be4
Rd4 21. Kb1 Rfd8 {Diagram #A rather depressing position for White} 22. Bd5 $2
e4 $1 {Now the White bishop can't move without allowing Rd1+ and mate on b2}
23. Ng5 R8xd5 $1 24. cxd5 Rb4 0-1

[Event "New Zealand Open Championship 2017"]
[Site "Wellington NZL"]
[Date "2017.01.03"]
[Round "3.4"]
[White "Dale, Ari"]
[Black "Rains, Edward"]
[Result "1-0"]
[WhiteElo "2333"]
[BlackElo "2123"]
[PlyCount "71"]
[EventDate "2017.??.??"]

{Quite nice} 1. d4 Nf6 2. c4 g6 3. Nc3 Bg7 4. e4 d6 5. Nf3 O-O 6. Be2 e5 7. Be3
Ng4 8. Bg5 f6 9. Bh4 g5 10. Bg3 Nh6 11. c5 g4 12. Nh4 Nc6 13. cxd6 cxd6 14.
dxe5 dxe5 15. Bc4+ Kh8 16. O-O Qxd1 17. Raxd1 Nd4 18. f4 Rd8 19. Nb5 Be6 20.
Rxd4 Rxd4 21. Bxe6 Rb4 22. Nd6 Rxb2 23. fxe5 fxe5 24. Nhf5 Nxf5 25. exf5 Bf6
26. Ne4 Kg7 27. Nxf6 Kxf6 28. Bh4+ Kg7 29. f6+ Kf8 30. Bg5 Rb6 31. Bd5 Ke8 32.
Bh6 Kd7 33. Bg7 Rd8 34. Bb3 a5 35. f7 a4 36. Bxa4+ 1-0

[Event "New Zealand Open Championship 2017"]
[Site "Wellington NZL"]
[Date "2017.01.03"]
[Round "3.5"]
[White "Fan, Allen Chi Zhou"]
[Black "Smith, Robert W"]
[Result "0-1"]
[WhiteElo "2153"]
[BlackElo "2324"]
[PlyCount "80"]
[EventDate "2017.??.??"]

{Nice finish} 1. Nf3 c5 2. c4 Nf6 3. g3 b6 4. Bg2 Bb7 5. O-O g6 6. Nc3 Bg7 7.
e3 Qc8 8. b3 O-O 9. Bb2 d5 10. Nxd5 Nxd5 11. Bxg7 Kxg7 12. cxd5 Bxd5 13. d4 Qb7
14. dxc5 bxc5 15. Nh4 Bxg2 16. Nxg2 Nd7 17. Qe2 a5 18. Rfd1 a4 19. bxa4 Rxa4
20. Rab1 Qc6 21. Nf4 Nf6 22. Qc2 Rfa8 23. Rb2 Qf3 24. Rd2 Ne4 25. Rd7 R4a7 26.
Rxa7 Rxa7 27. Nd3 Rd7 28. Rb1 Rxd3 29. Qxd3 Qxf2+ 30. Kh1 Qf3+ 31. Kg1 Qf2+ 32.
Kh1 Qf3+ 33. Kg1 Nf2 34. Qc3+ f6 35. h4 Qxg3+ 36. Kf1 Qf3 37. Ke1 Ne4 38. Qd3
c4 39. Qxc4 Qf2+ 40. Kd1 Qd2# 0-1

[Event "New Zealand Open Championship 2017"]
[Site "Wellington NZL"]
[Date "2017.01.03"]
[Round "3.15"]
[White "Cunningham, Patrick D"]
[Black "Forster, William"]
[Result "0-1"]
[WhiteElo "1717"]
[BlackElo "2081"]
[PlyCount "68"]
[EventDate "2017.??.??"]

1. d4 c5 2. e3 e6 3. Nf3 Nc6 4. Bd3 b6 5. O-O Bb7 6. c3 d5 7. Bb5 Bd6 8. Nbd2
Nge7 9. Ne5 a6 10. Nxc6 Nxc6 11. Ba4 Qc7 12. Nf3 O-O-O 13. Bd2 g5 14. dxc5 bxc5
15. b4 g4 16. bxc5 Bxc5 17. Bxc6 Bxc6 18. Nd4 Bb7 19. Qxg4 h5 20. Qh3 Rdg8 21.
Rab1 Rh7 {Diagram #} 22. Nxe6 Qd7 23. Nf4 Qxh3 24. Nxh3 Rhg7 25. Nf4 d4 26. g3
dxe3 27. Bxe3 Bxe3 28. fxe3 h4 29. Nh5 Rg5 30. Rxf7 Bd5 31. Ra7 Rxh5 32. c4 Be4
33. Rb6 hxg3 34. hxg3 Rf8 0-1

[Event "New Zealand Open Championship 2017"]
[Site "Wellington NZL"]
[Date "2017.01.03"]
[Round "3.16"]
[White "Austin, Tama"]
[Black "Yee, Stanley"]
[Result "0-1"]
[WhiteElo "1681"]
[BlackElo "2049"]
[PlyCount "70"]
[EventDate "2017.??.??"]

1. d4 Nf6 2. Nf3 e6 3. Bf4 Be7 4. e3 Nh5 5. Bg3 Nxg3 6. hxg3 b6 7. Bd3 g6 8. c4
Bb7 9. Nc3 O-O 10. Qc2 Nc6 11. a3 d5 12. cxd5 exd5 13. Rh2 a6 14. O-O-O Kg7 15.
Rdh1 Rh8 16. Nh4 b5 17. Ne2 b4 18. a4 b3 19. Qb1 Bxh4 20. Rxh4 Nb4 21. Nf4 Qd6
22. Nh3 c5 23. Ng5 h5 24. Rf4 f5 25. Bxf5 cxd4 26. Be6 Rhf8 {Diagram #} 27.
Rxh5 $1 Rxf4 28. gxf4 $4 {How often is a routine capture the fatal error?} (28.
Rh7+ Kf8 (28... Kf6 29. Rf7+ Kxg5 30. exf4+ Kh6 31. Kd2 {forces mate}) 29. gxf4
{with a winning attack}) 28... Qc5+ 29. Kd1 Qc2+ 30. Qxc2 bxc2+ 31. Kc1 gxh5
32. exd4 Re8 33. f5 Bc8 34. f4 Bxe6 35. fxe6 Rc8 0-1

[Event "New Zealand Open Championship 2017"]
[Site "Wellington NZL"]
[Date "2017.01.04"]
[Round "4.1"]
[White "Ker, Anthony F"]
[Black "Dale, Ari"]
[Result "1/2-1/2"]
[WhiteElo "2461"]
[BlackElo "2333"]
[PlyCount "106"]
[EventDate "2017.??.??"]

1. e4 c5 2. c3 d5 3. exd5 Qxd5 4. d4 Nf6 5. Nf3 e6 6. Be3 Be7 7. dxc5 Qxd1+ 8.
Kxd1 O-O 9. Nbd2 Ng4 10. b4 a5 11. Bc4 b6 ({Van de Oudeweetering (2369) -
Pavlovic (2545), Amsterdam NED 2004, 1-0 in 36 moves} 11... axb4 12. cxb4 Nc6
13. b5 Nb4 14. Ne4 Nxe3+ 15. fxe3 Ra3 16. Re1 Rd8+ 17. Kc1 f5 18. Ned2 Rc3+ 19.
Kb2 Bf6 20. Nd4 Rxe3 21. Rxe3 Rxd4 22. Kb3 Rxd2 23. Rc1 Rb2+ 24. Ka4 Nc2 25.
Bxe6+ Kf8 26. Re2 Rxa2+ 27. Bxa2 Nd4 28. Rd2 Bd7 29. Bc4 Be8 30. Rcd1 Bh5 31.
Rxd4 g6 32. Rd7 Ke8 33. Rxb7 Bxd1+ 34. Ka5 Bc3+ 35. Kb6 Be5 36. Rxh7) 12. cxb6
Nxe3+ 13. fxe3 axb4 14. cxb4 Nd7 15. b5 Nxb6 16. Bb3 Bd7 17. Nd4 Bf6 18. Rb1
Bxd4 19. exd4 Bxb5 20. Kc2 Bc6 21. Bxe6 fxe6 22. Rxb6 Rxa2+ 23. Rb2 Rxb2+ 24.
Kxb2 Rf2 25. Kc3 Bxg2 26. Re1 Bd5 27. Nf1 h5 28. Kd3 Kf7 29. Rc1 g5 30. Ke3
Rf3+ 31. Ke2 Rh3 32. Rc2 Kf6 33. Kf2 Rd3 34. Rd2 Rxd2+ 35. Nxd2 Kf5 36. Kg3 h4+
37. Kf2 Kf4 38. Ke2 g4 39. Kf2 Bf3 40. Nb3 g3+ $2 {Premature} 41. hxg3+ hxg3+
42. Kg1 Ke3 43. Nc5 Bd5 {Diagram #} 44. Kf1 $1 {The g-pawn alone will never be
enough with White's king unable to be driven from the dark square g1. So Black
needs to capture the e pawn, and only the King can do that. But White has a
saving trick to cover that possibility} Kf3 (44... Kxd4 45. Nxe6+ $1 Bxe6 46.
Kg2 $10) 45. Kg1 Kf4 46. Kf1 Kf5 47. Kg1 Kf6 48. Nd3 Be4 49. Nc5 Bf3 50. Nd3
Bd5 51. Nc5 Ke7 52. Nd3 Kd6 53. Nf4 Bf3 1/2-1/2

[Event "New Zealand Open Championship 2017"]
[Site "Wellington NZL"]
[Date "2017.01.04"]
[Round "4.2"]
[White "Lukey, Stephen G"]
[Black "Smith, Robert W"]
[Result "0-1"]
[WhiteElo "2356"]
[BlackElo "2324"]
[PlyCount "66"]
[EventDate "2017.??.??"]

1. d4 Nf6 2. Bg5 c5 3. d5 Ne4 4. h4 Qb6 5. Nd2 Nxd2 6. Bxd2 Qxb2 7. e4 g6 8.
Rb1 Qe5 9. Bd3 c4 10. Nf3 Qc7 11. Be2 Bg7 12. Rb4 b5 13. Rxb5 Ba6 14. Rb1 O-O
15. h5 d6 16. hxg6 hxg6 17. Qc1 Nd7 18. Bh6 Bc3+ 19. Bd2 Qa5 20. Kf1 Rfb8 21.
Rxb8+ Rxb8 22. Be1 Bxe1 23. Nxe1 Qc3 24. Rh3 Qg7 25. Ra3 Nc5 26. c3 Bc8 27. f3
f5 28. exf5 Bxf5 29. Bxc4 Qe5 {Diagram #} 30. Rxa7 $2 Rb1 31. Qd2 Bd3+ {
White wins a piece by (unusually) forking Bishop and King} 32. Kf2 Bxc4 33.
Ra8+ Kf7 0-1

[Event "New Zealand Open Championship 2017"]
[Site "Wellington NZL"]
[Date "2017.01.04"]
[Round "4.5"]
[White "Timergazi, Layla"]
[Black "Dive, Russell J"]
[Result "1/2-1/2"]
[WhiteElo "2117"]
[BlackElo "2440"]
[PlyCount "41"]
[EventDate "2017.??.??"]

1. d4 Nf6 2. c4 e6 3. Nc3 Bb4 4. g3 c5 5. Nf3 O-O 6. Bg2 Qe7 7. O-O Bxc3 8.
bxc3 d6 9. Re1 Nc6 10. e4 e5 11. d5 Na5 12. Qd3 b6 13. Nh4 Ba6 14. Nf5 Qd8 15.
Bg5 {Diagram #} h6 ({if} 15... Bxc4 16. Qf3 {
threatening Nh6+ and Ng4 is very strong}) 16. Bh4 Kh7 17. g4 g5 18. Bxg5 hxg5
19. Qh3+ Kg8 20. Nh6+ Kg7 21. Nf5+ {and perpetual check} 1/2-1/2

[Event "New Zealand Open Championship 2017"]
[Site "Wellington NZL"]
[Date "2017.01.04"]
[Round "4.7"]
[White "Forster, William"]
[Black "Croad, Nicholas"]
[Result "0-1"]
[WhiteElo "2081"]
[BlackElo "2398"]
[PlyCount "34"]
[EventDate "2017.??.??"]

1. d4 Nf6 2. c4 e6 3. Nc3 Bb4 4. Qc2 O-O 5. a3 Bxc3+ 6. Qxc3 d6 7. e3 a5 8. b3
Nbd7 9. Bd3 b6 10. Ne2 Bb7 11. f3 c5 12. O-O Rc8 13. Rd1 Qe7 14. Ra2 d5 15. Qe1
cxd4 16. Nxd4 Ne5 17. cxd5 {Diagram #} Rxc1 0-1

[Event "New Zealand Open Championship 2017"]
[Site "Wellington NZL"]
[Date "2017.01.04"]
[Round "4.15"]
[White "Nicholls, Leighton"]
[Black "Fuatai, Fuatai"]
[Result "1-0"]
[WhiteElo "2076"]
[BlackElo "2106"]
[PlyCount "49"]
[EventDate "2017.??.??"]

1. e4 c5 2. c3 Nf6 3. e5 Nd5 4. d4 e6 5. Nf3 cxd4 6. cxd4 d6 7. Bc4 Nb6 8. Bb5+
Bd7 9. Nc3 a6 10. Bxd7+ N6xd7 11. O-O Nc6 12. Re1 d5 13. Bg5 Be7 14. Bxe7 Qxe7
15. a3 b5 16. Rc1 Rc8 17. Re2 O-O 18. Rec2 Na7 19. Ne1 Rc4 20. b3 Rcc8 21. Nd3
Qh4 22. f4 Rb8 {Diagram #} 23. Nxd5 Nc8 24. g3 Qd8 25. Rxc8 1-0

[Event "New Zealand Open Championship 2017"]
[Site "Wellington NZL"]
[Date "2017.01.05"]
[Round "5.1"]
[White "Smith, Robert W"]
[Black "Ker, Anthony F"]
[Result "1-0"]
[WhiteElo "2324"]
[BlackElo "2461"]
[PlyCount "137"]
[EventDate "2017.??.??"]

{Anthony has been giving endgame lessons but here he receives one} 1. e4 d6 2.
d4 Nf6 3. Nc3 g6 4. f4 Bg7 5. Nf3 c5 6. dxc5 Qa5 7. Qd3 Qxc5 8. Be3 Qa5 9. e5
dxe5 10. Qb5+ Qxb5 11. Bxb5+ Bd7 12. Nxe5 O-O 13. Nxd7 Nbxd7 14. O-O-O Rfd8 15.
Be2 {Diagram # This is a completely different approach to attempting to punish
Ker's Pirc addiction in general and his narrow choice of lines in particular.
Gong-Ker is (one of) the rip his head off methods, this is (one of) the slow
torture methods. On this occasion at least, the slow approach works out better.
} Ne8 16. Ne4 b6 17. Rd3 Ndf6 18. Nxf6+ Bxf6 19. Rxd8 Rxd8 20. Rd1 Rxd1+ 21.
Bxd1 Nd6 22. Be2 Nf5 23. Bf2 e5 24. fxe5 Bxe5 25. g3 Kf8 26. c3 Ke7 27. a4 Kd6
28. Kc2 Ne7 29. a5 bxa5 30. Bxa7 Nc6 31. Bb6 h5 32. Bc4 f5 33. Bf7 f4 34. gxf4
Bxf4 35. Bxg6 Bxh2 36. Bxh5 Bf4 37. Be2 Bg5 38. Kb3 Bc1 39. Bb5 {Diagram # The
loss of a second pawn signals the beginning of the end. The rest is just a
steady advance. Black plays on until the bitter end, hoping no doubt for a
chance to exchange his knight for the dark squared Bishop or some other trick}
Ne5 40. Kc2 Bg5 41. Bxa5 Kc5 42. Be2 Nc6 43. Bc7 Bf6 44. Bg3 Ne5 45. Bf2+ Kd5
46. b3 Be7 47. Bf1 Kc6 48. Bd4 Bd6 49. c4 Kd7 50. Bh3+ Kd8 51. Bg2 Nd7 52. Kc3
Bg3 53. b4 Be1+ 54. Kb3 Kc7 55. c5 Bg3 56. b5 Nf8 57. Bd5 Ng6 58. Be4 Ne5 59.
b6+ Kd7 60. Ka4 Kc8 61. Kb5 Nf7 62. Bd5 Ne5 63. Be4 Nf7 64. Bf6 Kb8 65. Be7 Bf4
66. Bd5 Nh8 67. Kc6 Ng6 68. Bd6+ Bxd6 69. Kxd6 1-0

[Event "New Zealand Open Championship 2017"]
[Site "Wellington NZL"]
[Date "2017.01.05"]
[Round "5.2"]
[White "Dale, Ari"]
[Black "Reilly, Tim"]
[Result "1/2-1/2"]
[WhiteElo "2333"]
[BlackElo "2166"]
[PlyCount "84"]
[EventDate "2017.??.??"]

1. d4 d6 2. Nf3 g6 3. c4 f5 4. g3 Nf6 5. Bg2 Bg7 6. O-O O-O 7. Nc3 c6 8. d5 e5
9. dxe6 Bxe6 10. b3 Na6 11. Bb2 Qe7 12. Qc2 Kh8 13. Rad1 Rad8 14. e3 Nc5 15.
Nd4 Bg8 16. Rfe1 Nce4 17. f3 Nxc3 18. Qxc3 c5 19. Ne2 d5 20. cxd5 Nxd5 21.
Qxg7+ Qxg7 22. Bxg7+ Kxg7 23. e4 fxe4 24. fxe4 Ne3 25. Rxd8 Rxd8 26. Nf4 Nxg2
27. Kxg2 Rd2+ 28. Kh3 g5 29. Nh5+ Kg6 30. g4 Rxa2 31. Rd1 Bxb3 32. Rd7 Be6 33.
Rg7+ Kh6 34. Re7 Ra6 35. e5 c4 36. Rxb7 Ra3+ 37. Ng3 Kg6 38. Re7 Bd5 39. Rd7
Be4 40. e6 Kf6 {Diagram # White is tied up and Black's passers are dangerous}
41. Rf7+ {A good try} Kxe6 $2 (41... Kg6 42. Rf8 Re3 43. e7 Bc6 44. Rc8 Bb5 {
and Black should win without too much difficulty}) 42. Re7+ $1 Kxe7 1/2-1/2

[Event "New Zealand Open Championship 2017"]
[Site "Wellington NZL"]
[Date "2017.01.05"]
[Round "5.3"]
[White "Fan, Allen Chi Zhou"]
[Black "Wastney, Scott"]
[Result "0-1"]
[WhiteElo "2153"]
[BlackElo "2417"]
[PlyCount "70"]
[EventDate "2017.??.??"]

1. Nf3 d5 2. c4 d4 3. e3 Nc6 4. d3 g6 5. exd4 Nxd4 6. Nxd4 Qxd4 7. Nc3 c6 8.
Be3 Qd8 9. Be2 Nh6 10. d4 Nf5 11. Qd2 Bg7 12. O-O-O O-O 13. g4 Nxe3 14. fxe3 b5
15. h4 Qa5 16. h5 e5 17. cxb5 exd4 18. exd4 cxb5 19. Bf3 {Diagram #} Be6 $1 {
Black invests an exchange to to clear the 'c' file quickly.} 20. Bxa8 Rxa8 21.
hxg6 hxg6 {White's position is joyless and Black breaks through with a few
powerful strokes} 22. a3 Bb3 23. Rde1 b4 24. Qg2 Rc8 25. Qb7 {Diagram #} Rxc3+
$1 26. bxc3 Qxa3+ 27. Kd2 Qb2+ 28. Ke3 Qxc3+ 29. Kf4 Qxd4+ 30. Kg3 Be5+ 31.
Rxe5 Qxe5+ 32. Kh4 g5+ 33. Kh5 Bd5 34. Qc8+ Kg7 35. Rh3 Be4 {Diagram #} 0-1